| 000 | 00741nam a2200229Ia 4500 | ||
|---|---|---|---|
| 003 | GCL | ||
| 008 | 140319s9999 xx 000 0 ara d | ||
| 040 |
_aGCL / _cGCL |
||
| 082 | 0 | 4 |
_a272.6 _bب ت |
| 100 | 1 | _aصموئيل حبيب | |
| 245 | 1 | 0 |
_aتفسير العهد الجديد : رسالتا كورنثوس / _cصموئيل حبيب |
| 700 | 1 | _aبطرس عبدالملك | |
| 700 | 1 | _aحبيب سعيد | |
| 700 | 1 | _aباركلى ،وليم | |
| 260 |
_a[S.N] : _bدار الثقافة العربية ، _c1979 |
||
| 300 |
_a391 ص ؛ _c24سم |
||
| 490 |
_aتفسير العهد الجديد _v0 |
||
| 650 | 0 | 4 | _aالعهد الجديد |
| 650 | 0 | 4 | _aالكتاب المقدس |
| 650 | 0 | 4 | _aالرسائل |
| 942 |
_2ddc _cBK |
||
| 999 |
_c53299 _d53299 |
||